Brothers in Literature Quiz Stats

 Plays Quiz Updated Feb 5, 2016

Challenge
Share
Tweet
Embed
Score 0/20 Timer 04:00
1 Play Today
% Correct
Through the Looking-Glass, and What Alice Found There
93%
The Brothers Karamazov
90.4%
Harry Potter and the Goblet of Fire
86.9%
The Lord of the Rings
79%
The Lion, the Witch and the Wardrobe
77.7%
Peter Pan
73.1%
The Tempest
72.9%
The Iliad
71.9%
The Adventures of Tom Sawyer
65.3%
Le Morte d'Arthur
65.2%
% Correct
The Final Problem
63.4%
The Outsiders
63.1%
A Christmas Carol
57.1%
Frankenstein
55.2%
Death of a Salesman
46.8%
East of Eden
43.1%
The Grapes of Wrath
43%
Lord of the Flies
38.7%
Blood Brothers
30.4%
The Sound and the Fury
23.5%

You're not logged in!

Compare scores with friends on all Sporcle quizzes.
Join for Free
OR
Log In

You Might Also Like...

Show Comments

Extras

Top Quizzes Today


Score Distribution

Your Account Isn't Verified!

In order to create a playlist on Sporcle, you need to verify the email address you used during registration. Go to your Sporcle Settings to finish the process.

Report this User

Report this user for behavior that violates our Community Guidelines.

Details: